000 00581nam a22001697a 4500
005 20240116071013.0
008 231107b |||||||| |||| 00| 0 eng d
041 _aEnglish
082 _a346.43 NEW
100 _aDe Beer, WV and Rorke, RF
_lEnglish
245 _aNewall's Law and Practice of Deeds Registration with precedents /
_cWV De Beer and RF Rorke
250 _aSecond Edition
260 _aDurban :
_bButterworth and Company Ltd,
_c1964
300 _bxxxii, 588 pages ;
_c25,8 cm.
650 _aLegal practice
_bLaw
942 _cBK
_6ALISON_BN_VRIES
999 _c367
_d367